000 01297nam a2200361 i 4500
001 57423
003 CO-BoRNBP
005 20250701165243.0
007 ta
008 201214s2020 ck a ar 000 0 spa d
020 _a9789585275096
040 _aCO-BoRNBP
_bspa
_erda
_cCO-BoRNBP
041 0 _aspa
084 _aA EBE1
100 _aEbensperger Satt, Gabriel
_d1983-
_eautor
_960637
245 1 0 _aEl libro de la tristeza
_cescrito, ilustrado y diseñado por Gabriel Ebensperger
250 _aEdición especial
264 1 _aBogotá
_bRey Naranjo Editores
_c2020
300 _a[66] páginas sin numerar
_bilustraciones
_c24 cm
336 _2rdacontent
_atexto
_btxt
337 _2rdamedia
_asin mediación
_bn
338 _2rdacarrier
_avolumen
_bnc
490 0 _aPNK infantil
490 0 _aPlan Nacional de Lectura y Escritura Leer es mi Cuento / Ministerio de Cultura
521 _aRecomendado para un público infantil mayor de 6 años
650 0 7 _aAlegría
_vÁlbum
_2LEMB
_960638
650 0 7 _aTristeza
_vÁlbum
_2LEMB
_960639
650 0 7 _aEmociones
_vÁlbum
_2LEMB
_9808
650 0 4 _aÁlbumes infantiles chilenos
_ySiglo XXI
_2LEMB
_960640
650 0 7 _aLiteratura infantil chilena
_ySiglo XXI
_2LEMB
_960641
650 0 4 _aAutores chilenos
_ySiglo XXI
_2LEMB
_960642
942 _2loc
_cBKLIT
999 _c57423
_d57423